<?xml version="1.0" encoding="UTF-8"?>
<record
    xmlns:xsi="http://www.w3.org/2001/XMLSchema-instance"
    xsi:schemaLocation="http://www.loc.gov/MARC21/slim http://www.loc.gov/standards/marcxml/schema/MARC21slim.xsd"
    xmlns="http://www.loc.gov/MARC21/slim">

  <leader>01312nam a2200289 a 4500</leader>
  <controlfield tag="001">000043822</controlfield>
  <controlfield tag="005">20201002045003.0</controlfield>
  <controlfield tag="008">140506s2003    sp            000 0 spa d</controlfield>
  <datafield tag="020" ind1=" " ind2=" ">
    <subfield code="a">8483108976</subfield>
  </datafield>
  <datafield tag="040" ind1=" " ind2=" ">
    <subfield code="a">DO-SdBNP</subfield>
    <subfield code="b">spa</subfield>
    <subfield code="c">BNPHU</subfield>
  </datafield>
  <datafield tag="100" ind1="1" ind2=" ">
    <subfield code="a">Padorno, Manuel</subfield>
    <subfield code="d">1933-2002</subfield>
    <subfield code="9">71669</subfield>
  </datafield>
  <datafield tag="245" ind1="1" ind2="0">
    <subfield code="a">Canci&#xF3;n Atl&#xE1;ntica :</subfield>
    <subfield code="b">los cuatro libros de poes&#xED;a 1997-2002 ; Para mayor gloria; Hacia otra realidad; El otro lado ; Fantas&#xED;a del retorno /</subfield>
    <subfield code="c">Manuel Padorno ; edici&#xF3;n Josefina Betancor.</subfield>
  </datafield>
  <datafield tag="260" ind1=" " ind2=" ">
    <subfield code="a">Barcelona :</subfield>
    <subfield code="b">TusQuets,</subfield>
    <subfield code="c">2003.</subfield>
  </datafield>
  <datafield tag="300" ind1=" " ind2=" ">
    <subfield code="a">364 p. ;</subfield>
    <subfield code="c">22 cm.</subfield>
  </datafield>
  <datafield tag="490" ind1="1" ind2=" ">
    <subfield code="a">Marginales</subfield>
    <subfield code="v">215</subfield>
  </datafield>
  <datafield tag="490" ind1="1" ind2=" ">
    <subfield code="a">Nuevos textos sagrados</subfield>
  </datafield>
  <datafield tag="500" ind1=" " ind2=" ">
    <subfield code="a">Incluye datos biogr&#xE1;ficos del autor en la solapa</subfield>
  </datafield>
  <datafield tag="505" ind1="0" ind2=" ">
    <subfield code="a">Para mayor gloria /</subfield>
    <subfield code="r">Manuel Perdomo --</subfield>
    <subfield code="t">Hacia otra realidad /</subfield>
    <subfield code="r">Manuel Perdomo --</subfield>
    <subfield code="t">El otro lado /</subfield>
    <subfield code="r">Manuel Perdomo --</subfield>
    <subfield code="t">Fantas&#xED;a del retorno /</subfield>
    <subfield code="r">Manuel Perdomo --</subfield>
  </datafield>
  <datafield tag="563" ind1=" " ind2=" ">
    <subfield code="a">Cuatro obras encuadernada juntas con paginaci&#xF3;n continuas</subfield>
  </datafield>
  <datafield tag="700" ind1="1" ind2="2">
    <subfield code="a">Perdomo, Manuel</subfield>
    <subfield code="t">Para mayor gloria</subfield>
    <subfield code="9">71670</subfield>
  </datafield>
  <datafield tag="700" ind1="1" ind2="2">
    <subfield code="a">Perdomo, Manuel</subfield>
    <subfield code="t">Hacia otra realidad</subfield>
    <subfield code="9">71671</subfield>
  </datafield>
  <datafield tag="700" ind1="1" ind2="2">
    <subfield code="a">Perdomo, Manuel</subfield>
    <subfield code="t">El otro lado</subfield>
    <subfield code="9">71672</subfield>
  </datafield>
  <datafield tag="700" ind1="1" ind2="2">
    <subfield code="a">Perdomo, Manuel</subfield>
    <subfield code="t">Fantas&#xED;a del retorno /</subfield>
    <subfield code="9">71673</subfield>
  </datafield>
  <datafield tag="700" ind1="1" ind2="2">
    <subfield code="a">Betancor, Josefina</subfield>
    <subfield code="e">ed.</subfield>
    <subfield code="9">71674</subfield>
  </datafield>
  <datafield tag="830" ind1=" " ind2="0">
    <subfield code="a">Marginales</subfield>
    <subfield code="v">215</subfield>
    <subfield code="9">20830</subfield>
  </datafield>
  <datafield tag="830" ind1=" " ind2="0">
    <subfield code="a">Nuevos textos sagrados</subfield>
    <subfield code="9">71675</subfield>
  </datafield>
  <datafield tag="952" ind1=" " ind2=" ">
    <subfield code="0">0</subfield>
    <subfield code="1">0</subfield>
    <subfield code="5">0</subfield>
    <subfield code="7">1</subfield>
    <subfield code="8">MO</subfield>
    <subfield code="a">GR</subfield>
    <subfield code="b">GR</subfield>
    <subfield code="c">CT</subfield>
    <subfield code="d">2014-05-06</subfield>
    <subfield code="i">LF1</subfield>
    <subfield code="l">0</subfield>
    <subfield code="o"> </subfield>
    <subfield code="p">43822-10</subfield>
    <subfield code="r">2020-06-25</subfield>
    <subfield code="w">2020-06-25</subfield>
    <subfield code="y">1</subfield>
    <subfield code="Z">No se presta</subfield>
  </datafield>
  <datafield tag="999" ind1=" " ind2=" ">
    <subfield code="c">43311</subfield>
    <subfield code="d">43311</subfield>
  </datafield>
</record>
